| 000 | 01358nam a2200301 i 4500 | ||
|---|---|---|---|
| 003 | EG-GICUC | ||
| 005 | 20260121101532.0 | ||
| 008 | 251222s2008 ua ||||fr|||| 00| 0 ara d | ||
| 040 |
_a EG-GICUC _bara _c EG-GICUC _d EG-GICUC _erda |
||
| 041 | 0 | _aara | |
| 082 | 0 | 4 |
_221 _a345.456 _bا ل . ض |
| 092 | 0 | 4 | _221 |
| 099 | _aLaw1 07 345.456 ا ل . ض 2008 | ||
| 100 | 0 |
_aالطيب حسين محمود _eمؤلف. |
|
| 245 | 1 | 2 |
_aالضمانات القانونية فى محاسبة العاملين بالخدمة العامة : _bدراسة مقارنة فى القانون السودانى والإنجليزى والمصرى والفرنسى / _cالطيب حسين محمود. |
| 264 | 1 |
_aالقاهرة : _bدار النهضة العربية، _c2008. |
|
| 300 |
_a604 ؛ صفحة _c24 سم. |
||
| 336 |
_2rda content _atext |
||
| 337 |
_2rda media _aComputer |
||
| 338 |
_2rda carrier _aOnline Resource |
||
| 504 | _aيحتوي على ارجاعات ببليوجرافية يحتوي على قائمة بالمراجع | ||
| 546 | _aالنص باللغة العربية | ||
| 650 | 1 | 4 |
_aاجراءات وضمانات تأديب العاملين المدنين بالدولة _xالقانون الإداري _2qrmak |
| 651 | 1 | _2qrmak | |
| 856 | 4 | 0 | _uhttps://fll.law.cu.edu.eg/fulltext/bks/B07-01689.pdf |
| 905 | _a75 | ||
| 942 |
_2ddc _cBK _e21 _n0 |
||
| 999 |
_c52144 _d52144 |
||